| 000 | 00396pab a2200169 454500 | ||
|---|---|---|---|
| 008 | 180718b2011 xxu||||| |||| 00| 0 eng d | ||
| 100 | _aJohn, Mary E. | ||
| 245 | _aCommissions, reports, and the difference they make | ||
| 260 | _c2011 | ||
| 300 | _ap.24-28. | ||
| 362 | _aAug | ||
| 650 | _aHigher education | ||
| 700 | _aNair, Janaki | ||
| 773 | _aSeminar | ||
| 908 | _aN | ||
| 909 | _a93095 | ||
| 999 |
_c93095 _d93095 |
||